[Event "DVM U12 2020"]
[Site "Magdeburg GER"]
[Date "2021.08.05"]
[Round "2"]
[White "Trunz, Michelle"]
[Black "Schwan, Aaron"]
[Result "1-0"]
[Termination "normal"]
[Board "4.1"]
[WhiteElo "1714"]
[BlackElo "1532"]
[WhiteClock "00:35:16"]
[BlackClock "00:08:35"]
[WhiteTeam "Godesberger Schachklub 1929 e. V."]
[BlackTeam "SK Tarrasch 1945 München"]
[PlyCount "123"]
[WhiteFideId "16227980"]
[BlackFideId "34603220"]
[EventCountry "GER"]
[EventRounds "7"]
[EventType "team-swiss"]
[EventDate "2021.08.04"]

1. d4 {[%clk 01:30:58]} g6 {[%clk 01:30:56]} 2. c4 {[%clk 01:31:23]} Bg7 {[%clk
01:31:22]} 3. Nc3 {[%clk 01:31:44]} f5 {[%clk 01:31:46]} 4. Bf4 {[%clk
01:31:48]} {[%emt 00:00:32]} d6 {[%clk 01:31:05]} {[%emt 00:01:22]} 5. Nf3
{[%clk 01:31:51]} Nf6 {[%clk 01:31:25]} {[%emt 00:00:07]} 6. e3 {[%clk
01:31:58]} {[%emt 00:06:53]} O-O {[%clk 01:29:16]} 7. Be2 {[%clk 01:30:11]} Re8
{[%clk 01:25:52]} {[%emt 00:02:22]} 8. Qb3 {[%clk 01:30:11]} {[%emt 00:09:03]}
e6 {[%clk 01:21:42]} 9. O-O-O {[%clk 01:29:53]} a5 {[%clk 01:19:06]} 10. h4
{[%clk 01:29:18]} {[%emt 00:10:07]} Nh5 {[%clk 01:13:52]} 11. Bg5 {[%clk
01:25:42]} {[%emt 00:00:52]} Bf6 {[%clk 01:13:11]} {[%emt 00:01:41]} 12. Bxf6
{[%clk 01:25:30]} {[%emt 00:00:36]} Qxf6 {[%clk 01:11:52]} {[%emt 00:01:26]}
13. Nd2 {[%clk 01:25:32]} {[%emt 00:02:35]} a4 {[%clk 01:09:00]} {[%emt
00:04:40]} 14. Nxa4 {[%clk 01:22:34]} Bd7 {[%clk 01:08:15]} {[%emt 00:03:50]}
15. Nc3 {[%clk 01:22:47]} Nc6 {[%clk 01:07:30]} 16. Bxh5 {[%clk 01:22:39]} gxh5
{[%clk 01:07:58]} 17. d5 {[%clk 01:19:26]} {[%emt 00:04:20]} Ne5 {[%clk
01:07:34]} 18. Nf3 {[%clk 01:18:27]} {[%emt 00:01:28]} Ng4 {[%clk 01:06:55]}
{[%emt 00:01:00]} 19. Qc2 {[%clk 01:17:48]} {[%emt 00:01:10]} e5 {[%clk
01:04:00]} {[%emt 00:05:24]} 20. Nh2 {[%clk 01:15:58]} {[%emt 00:00:20]} Reb8
{[%clk 00:59:59]} {[%emt 00:04:33]} 21. Nxg4 {[%clk 01:15:27]} {[%emt
00:01:31]} hxg4 {[%clk 00:59:05]} {[%emt 00:01:07]} 22. f3 {[%clk 01:13:53]}
{[%emt 00:02:50]} h5 {[%clk 00:58:15]} {[%emt 00:00:21]} 23. fxg4 {[%clk
01:13:58]} {[%emt 00:00:40]} hxg4 {[%clk 00:58:22]} {[%emt 00:00:06]} 24. g3
{[%clk 01:13:26]} {[%emt 00:01:58]} b5 {[%clk 00:58:18]} 25. cxb5 {[%clk
01:13:13]} {[%emt 00:06:47]} Bxb5 {[%clk 00:58:01]} 26. Nxb5 {[%clk 01:08:46]}
Rxb5 {[%clk 00:57:50]} 27. Kb1 {[%clk 01:07:55]} {[%emt 00:03:56]} Rba5 {[%clk
00:55:55]} 28. a3 {[%clk 01:06:48]} {[%emt 00:02:08]} Rb5 {[%clk 00:54:40]}
{[%emt 00:01:03]} 29. Qxc7 {[%clk 01:05:07]} {[%emt 00:03:14]} e4 {[%clk
00:54:15]} 30. Rh2 {[%clk 01:04:16]} {[%emt 00:01:17]} Rb3 {[%clk 00:48:57]}
{[%emt 00:05:45]} 31. Re2 {[%clk 01:01:34]} {[%emt 00:03:18]} Raxa3 {[%clk
00:44:44]} {[%emt 00:04:39]} 32. Qc8+ {[%clk 01:01:33]} {[%emt 00:01:05]} Kg7
{[%clk 00:45:04]} 33. Qd7+ {[%clk 01:01:07]} {[%emt 00:00:29]} Kg6 {[%clk
00:42:59]} {[%emt 00:02:35]} 34. Qe8+ {[%clk 01:00:05]} {[%emt 00:04:46]} Qf7
{[%clk 00:40:14]} 35. h5+ {[%clk 00:59:59]} {[%emt 00:01:37]} Kg7 {[%clk
00:39:44]} 36. h6+ {[%clk 00:59:40]} {[%emt 00:00:48]} Kg6 {[%clk 00:39:45]}
{[%emt 00:00:31]} 37. Qe6+ {[%clk 00:58:13]} {[%emt 00:06:33]} Qxe6 {[%clk
00:37:54]} 38. dxe6 {[%clk 00:58:22]} Ra7 {[%clk 00:34:06]} {[%emt 00:02:21]}
39. Rxd6 {[%clk 00:58:33]} {[%emt 00:00:19]} Re7 {[%clk 00:34:09]} {[%emt
00:00:27]} 40. Rh2 {[%clk 00:56:49]} {[%emt 00:03:03]} Rb8 {[%clk 00:33:48]}
41. h7 {[%clk 00:54:50]} {[%emt 00:02:31]} Rh8 {[%clk 00:28:29]} {[%emt
00:06:40]} 42. b4 {[%clk 00:54:15]} {[%emt 00:00:13]} Kf6 {[%clk 00:19:45]}
{[%emt 00:09:16]} 43. Kb2 {[%clk 00:53:41]} {[%emt 00:03:08]} Rhxh7 {[%clk
00:16:06]} {[%emt 00:02:48]} 44. Rxh7 {[%clk 00:53:26]} Rxh7 {[%clk 00:16:32]}
{[%emt 00:00:31]} 45. b5 {[%clk 00:52:49]} {[%emt 00:00:43]} Rb7 {[%clk
00:15:54]} {[%emt 00:01:04]} 46. b6 {[%clk 00:52:03]} {[%emt 00:01:23]} Ke5
{[%clk 00:16:20]} 47. Rc6 {[%clk 00:51:04]} {[%emt 00:02:25]} Kd5 {[%clk
00:15:54]} 48. e7 {[%clk 00:50:30]} {[%emt 00:01:01]} Rxe7 {[%clk 00:16:14]}
{[%emt 00:00:10]} 49. Rc7 {[%clk 00:49:52]} {[%emt 00:02:14]} Re8 {[%clk
00:15:38]} 50. Kc3 {[%clk 00:48:20]} {[%emt 00:02:02]} Rb8 {[%clk 00:15:51]}
{[%emt 00:00:20]} 51. b7 {[%clk 00:48:32]} {[%emt 00:00:24]} Kd6 {[%clk
00:15:44]} {[%emt 00:01:20]} 52. Rf7 {[%clk 00:48:10]} Ke6 {[%clk 00:16:04]}
{[%emt 00:00:11]} 53. Rh7 {[%clk 00:48:11]} {[%emt 00:00:47]} Kd6 {[%clk
00:15:28]} {[%emt 00:00:46]} 54. Kb4 {[%clk 00:46:48]} {[%emt 00:01:56]} Kc6
{[%clk 00:14:45]} {[%emt 00:01:11]} 55. Kc4 {[%clk 00:39:44]} {[%emt 00:14:36]}
Kd6 {[%clk 00:13:31]} 56. Kb5 {[%clk 00:38:55]} f4 {[%clk 00:11:58]} 57. gxf4
{[%clk 00:37:33]} Rg8 {[%clk 00:12:17]} {[%emt 00:00:14]} 58. Rg7 {[%clk
00:36:28]} {[%emt 00:02:23]} Rxg7 {[%clk 00:08:27]} {[%emt 00:03:24]} 59. b8=Q+
{[%clk 00:36:47]} {[%emt 00:00:41]} Ke6 {[%clk 00:08:56]} 60. Qe8+ {[%clk
00:35:16]} {[%emt 00:01:31]} Kf6 {[%clk 00:08:40]} {[%emt 00:00:49]} 61. Qe5+
{[%clk 00:34:54]} {[%emt 00:00:49]} Kg6 {[%clk 00:08:35]} {[%emt 00:00:34]} 62.
Qxe4+ {[%clk 00:35:16]} {[%emt 00:00:17]} 1-0

[Event "DVM U12 2020"]
[Site "Magdeburg GER"]
[Date "2021.08.05"]
[Round "2"]
[White "Rudolph, Alexander"]
[Black "Blomer, Moritz"]
[Result "0-1"]
[Termination "normal"]
[Board "4.2"]
[WhiteElo "1352"]
[BlackElo "1416"]
[WhiteClock "00:19:11"]
[BlackClock "00:28:09"]
[WhiteTeam "SK Tarrasch 1945 München"]
[BlackTeam "Godesberger Schachklub 1929 e. V."]
[PlyCount "119"]
[WhiteFideId "16275748"]
[BlackFideId "34608370"]
[EventCountry "GER"]
[EventRounds "7"]
[EventType "team-swiss"]
[EventDate "2021.08.04"]

1. e4 {[%clk 01:30:49]} e6 {[%clk 01:30:55]} 2. d4 {[%clk 01:30:51]} d5 {[%clk
01:31:23]} 3. Nc3 {[%clk 01:30:50]} {[%emt 00:00:10]} Nf6 {[%clk 01:31:45]}
{[%emt 00:00:07]} 4. Bg5 {[%clk 01:30:48]} {[%emt 00:00:33]} Be7 {[%clk
01:32:08]} {[%emt 00:00:03]} 5. e5 {[%clk 01:25:05]} {[%emt 00:06:21]} Nfd7
{[%clk 01:32:27]} {[%emt 00:00:07]} 6. Bxe7 {[%clk 01:23:39]} {[%emt 00:03:32]}
Qxe7 {[%clk 01:32:44]} 7. Qg4 {[%clk 01:22:39]} g6 {[%clk 01:29:35]} {[%emt
00:03:53]} 8. O-O-O {[%clk 01:16:56]} {[%emt 00:06:00]} a6 {[%clk 01:29:00]}
{[%emt 00:01:24]} 9. f4 {[%emt 00:06:33]} Nc6 {[%clk 01:24:25]} {[%emt
00:08:49]} 10. Nf3 {[%clk 01:09:48]} Nb6 {[%clk 01:23:36]} 11. h4 {[%clk
00:58:29]} {[%emt 00:11:51]} h5 {[%clk 01:20:12]} {[%emt 00:04:23]} 12. Qg5
{[%clk 00:58:30]} Bd7 {[%clk 01:19:25]} {[%emt 00:01:24]} 13. Be2 {[%clk
00:56:13]} {[%emt 00:02:41]} O-O-O {[%clk 01:18:35]} {[%emt 00:01:21]} 14. Qxe7
{[%clk 00:54:29]} {[%emt 00:02:37]} Nxe7 {[%clk 01:18:23]} {[%emt 00:00:20]}
15. Ng5 {[%clk 00:51:00]} {[%emt 00:03:58]} Rdf8 {[%clk 01:12:37]} {[%emt
00:10:33]} 16. b3 {[%clk 00:45:18]} {[%emt 00:01:54]} Nf5 {[%clk 01:02:16]}
{[%emt 00:10:51]} 17. Rd3 {[%clk 00:40:16]} {[%emt 00:05:40]} Be8 {[%clk
00:59:28]} {[%emt 00:03:33]} 18. a4 {[%clk 00:36:19]} {[%emt 00:04:17]} Nd7
{[%clk 00:53:25]} {[%emt 00:06:25]} 19. b4 {[%clk 00:34:07]} {[%emt 00:02:35]}
Nb6 {[%clk 00:49:36]} {[%emt 00:07:00]} 20. a5 {[%clk 00:29:30]} {[%emt
00:02:55]} Nc4 {[%clk 00:49:14]} {[%emt 00:00:31]} 21. g3 {[%clk 00:28:05]}
{[%emt 00:01:50]} Kd8 {[%clk 00:43:32]} {[%emt 00:06:10]} 22. Rhd1 {[%clk
00:22:17]} {[%emt 00:06:18]} Ke7 {[%clk 00:41:33]} {[%emt 00:02:31]} 23. Rf3
{[%clk 00:21:42]} {[%emt 00:01:02]} Nce3 {[%clk 00:39:51]} {[%emt 00:02:37]}
24. Rd3 {[%clk 00:20:12]} {[%emt 00:01:34]} Nc4 {[%clk 00:38:13]} {[%emt
00:05:13]} 25. Rd1 {[%clk 00:20:14]} Bb5 {[%clk 00:36:07]} 26. Nxb5 {[%clk
00:20:10]} {[%emt 00:00:36]} axb5 {[%clk 00:35:42]} {[%emt 00:00:54]} 27. Bxc4
{[%clk 00:20:30]} {[%emt 00:00:38]} bxc4 {[%clk 00:36:02]} {[%emt 00:00:14]}
28. c3 {[%clk 00:20:49]} b6 {[%emt 00:00:46]} 29. a6 {[%clk 00:20:59]} {[%emt
00:00:10]} b5 {[%clk 00:35:59]} {[%emt 00:00:41]} 30. Kc2 {[%clk 00:21:22]} Ra8
{[%clk 00:36:20]} 31. Ra1 {[%clk 00:21:41]} Ra7 {[%clk 00:36:35]} {[%emt
00:00:05]} 32. Ra5 {[%clk 00:20:41]} {[%emt 00:02:35]} c6 {[%clk 00:36:54]} 33.
Kd2 {[%clk 00:20:33]} Rha8 {[%clk 00:37:01]} {[%emt 00:00:08]} 34. Rf1 {[%clk
00:20:34]} {[%emt 00:00:32]} Nxg3 {[%clk 00:35:31]} {[%emt 00:01:56]} 35. Rg1
{[%clk 00:20:54]} {[%emt 00:00:40]} Nf5 {[%clk 00:35:50]} {[%emt 00:00:04]} 36.
Rh1 {[%clk 00:20:54]} {[%emt 00:00:08]} Nh6 {[%clk 00:35:44]} {[%emt 00:00:36]}
37. Nf3 {[%clk 00:20:57]} {[%emt 00:00:27]} Kd7 {[%clk 00:35:33]} {[%emt
00:04:33]} 38. Ng5 {[%clk 00:21:12]} Kc7 {[%clk 00:35:22]} 39. Nh7 {[%clk
00:21:00]} Rxa6 {[%clk 00:35:09]} 40. Rxa6 Rxa6 41. Rh3 {[%clk 00:19:58]}
{[%emt 00:00:03]} Ra2+ {[%clk 00:33:13]} {[%emt 00:02:25]} 42. Ke1 {[%clk
00:20:25]} {[%emt 00:00:06]} Kd8 {[%clk 00:32:13]} {[%emt 00:01:49]} 43. Nf6
{[%clk 00:20:13]} {[%emt 00:04:06]} Nf5 {[%clk 00:32:09]} 44. Nh7 {[%clk
00:20:14]} Ne7 {[%clk 00:31:57]} 45. Ng5 {[%clk 00:19:21]} Ke8 {[%clk
00:32:18]} 46. Nh7 {[%clk 00:19:35]} Nc8 {[%clk 00:32:08]} {[%emt 00:00:24]}
47. Nf6+ {[%clk 00:19:59]} {[%emt 00:00:35]} Kd8 {[%clk 00:32:13]} {[%emt
00:00:08]} 48. Ng8 {[%clk 00:19:47]} {[%emt 00:00:31]} Nb6 {[%clk 00:31:57]}
{[%emt 00:00:45]} 49. Nh6 {[%clk 00:20:05]} {[%emt 00:00:37]} Ke8 {[%clk
00:32:12]} 50. Ng8 {[%clk 00:20:28]} {[%emt 00:00:04]} Na4 {[%clk 00:32:09]}
{[%emt 00:00:29]} 51. Nf6+ {[%clk 00:20:50]} {[%emt 00:00:11]} Kd8 {[%clk
00:32:33]} {[%emt 00:00:18]} 52. Kd1 {[%clk 00:20:13]} {[%emt 00:00:50]} Nb2+
{[%clk 00:29:09]} {[%emt 00:03:56]} 53. Kd2 {[%emt 00:02:12]} Nd3+ {[%clk
00:29:33]} 54. Ke3 {[%clk 00:18:58]} {[%emt 00:00:05]} Rc2 {[%clk 00:29:17]}
{[%emt 00:00:48]} 55. Rg3 {[%clk 00:19:15]} {[%emt 00:00:17]} Rxc3 {[%clk
00:29:25]} {[%emt 00:00:18]} 56. Kd2 {[%clk 00:19:44]} Rb3 {[%clk 00:29:22]}
{[%emt 00:00:33]} 57. f5 {[%clk 00:19:40]} {[%emt 00:00:42]} exf5 {[%emt
00:01:37]} 58. e6 Ke7 {[%clk 00:28:34]} {[%emt 00:00:35]} 59. Re3 {[%clk
00:19:11]} {[%emt 00:01:58]} fxe6 {[%clk 00:28:09]} 60. Ng8+ {[%clk 00:19:11]}
{[%emt 00:00:27]} 0-1

[Event "DVM U12 2020"]
[Site "Magdeburg GER"]
[Date "2021.08.05"]
[Round "2"]
[White "Trunz, Tamila"]
[Black "Lipinsky, Pierre"]
[Result "1-0"]
[Termination "normal"]
[Board "4.3"]
[WhiteElo "1353"]
[BlackElo "1418"]
[WhiteClock "00:26:55"]
[BlackClock "01:10:42"]
[WhiteTeam "Godesberger Schachklub 1929 e. V."]
[BlackTeam "SK Tarrasch 1945 München"]
[PlyCount "55"]
[WhiteFideId "16267885"]
[BlackFideId "16206290"]
[EventCountry "GER"]
[EventRounds "7"]
[EventType "team-swiss"]
[EventDate "2021.08.04"]

1. e4 {[%clk 01:30:57]} {[%emt 00:00:17]} c6 {[%clk 01:30:59]} 2. d4 {[%clk
01:31:09]} {[%emt 00:00:18]} d5 {[%clk 01:31:23]} 3. exd5 {[%clk 01:31:14]}
{[%emt 00:00:16]} cxd5 {[%clk 01:31:43]} {[%emt 00:01:22]} 4. c4 {[%clk
01:31:22]} Nf6 {[%clk 01:32:07]} 5. Nc3 {[%clk 01:31:34]} Nc6 {[%clk 01:32:31]}
6. c5 {[%clk 01:27:38]} {[%emt 00:04:06]} Bf5 {[%clk 01:32:10]} {[%emt
00:00:50]} 7. Nf3 {[%clk 01:26:57]} {[%emt 00:01:22]} e6 {[%clk 01:31:47]}
{[%emt 00:00:42]} 8. Be2 {[%clk 01:18:56]} {[%emt 00:08:30]} Be7 {[%clk
01:31:52]} {[%emt 00:00:27]} 9. O-O {[%clk 01:18:27]} {[%emt 00:03:07]} O-O
{[%clk 01:32:14]} 10. a3 {[%clk 01:17:41]} h6 {[%clk 01:32:01]} 11. Bf4 {[%clk
01:17:22]} {[%emt 00:03:47]} Nh5 {[%clk 01:32:17]} 12. Be3 {[%clk 01:15:39]} a6
{[%clk 01:30:52]} {[%emt 00:01:21]} 13. b4 {[%clk 01:11:21]} {[%emt 00:07:44]}
Qc7 {[%clk 01:29:10]} 14. Ne5 {[%clk 01:04:39]} {[%emt 00:06:29]} Nf6 {[%clk
01:29:03]} {[%emt 00:00:36]} 15. Bf4 {[%clk 01:03:08]} {[%emt 00:13:25]} Nxe5
{[%clk 01:28:02]} 16. Bxe5 {[%clk 01:02:49]} Qc8 {[%clk 01:27:51]} 17. h3
{[%clk 00:55:41]} Ne4 {[%clk 01:27:33]} 18. Nxe4 {[%clk 00:55:22]} {[%emt
00:00:50]} Bxe4 {[%clk 01:27:50]} {[%emt 00:00:35]} 19. Bg3 {[%clk 00:51:33]}
{[%emt 00:03:57]} Bf6 {[%clk 01:26:20]} {[%emt 00:02:01]} 20. Qd2 {[%clk
00:47:35]} {[%emt 00:04:28]} Bg5 {[%clk 01:23:23]} {[%emt 00:08:44]} 21. Qc3
{[%clk 00:44:47]} Qc6 {[%clk 01:22:19]} 22. Bd6 {[%clk 00:39:16]} {[%emt
00:05:36]} Rfd8 {[%clk 01:21:46]} {[%emt 00:01:04]} 23. Qg3 {[%clk 00:37:00]}
{[%emt 00:02:44]} Bf6 {[%clk 01:20:13]} {[%emt 00:02:04]} 24. Rfd1 {[%clk
00:36:02]} {[%emt 00:11:55]} Rd7 {[%clk 01:14:01]} 25. Qb3 {[%clk 00:31:20]}
{[%emt 00:01:26]} Be7 {[%clk 01:13:53]} {[%emt 00:00:38]} 26. Be5 {[%clk
00:30:27]} {[%emt 00:01:23]} Bd8 {[%clk 01:11:19]} {[%emt 00:03:03]} 27. Rac1
{[%clk 00:27:40]} {[%emt 00:08:08]} Rc8 {[%clk 01:10:42]} 28. b5 {[%clk
00:26:55]} 1-0

[Event "DVM U12 2020"]
[Site "Magdeburg GER"]
[Date "2021.08.05"]
[Round "2"]
[White "Udelnov, Valentin"]
[Black "Werner, Florin"]
[Result "1-0"]
[Termination "normal"]
[Board "5.1"]
[WhiteElo "1728"]
[BlackElo "1533"]
[WhiteClock "00:48:55"]
[BlackClock "01:28:02"]
[WhiteTeam "Schachzwerge Magdeburg"]
[BlackTeam "VSG 1880 Offenbach"]
[PlyCount "119"]
[WhiteFideId "16265734"]
[BlackFideId "16250230"]
[EventCountry "GER"]
[EventRounds "7"]
[EventType "team-swiss"]
[EventDate "2021.08.04"]

1. e4 {[%clk 01:30:57]} {[%emt 00:00:39]} e6 {[%clk 01:30:45]} 2. d4 {[%clk
01:31:15]} d5 {[%clk 01:31:03]} 3. Nd2 {[%clk 01:31:28]} Nf6 {[%clk 01:31:21]}
4. e5 {[%clk 01:31:52]} Nfd7 {[%clk 01:31:43]} 5. Bd3 {[%clk 01:32:15]} c5
{[%clk 01:31:39]} 6. c3 {[%clk 01:30:36]} Nc6 {[%clk 01:31:58]} 7. Ne2 {[%clk
01:30:59]} cxd4 {[%clk 01:32:13]} {[%emt 00:00:14]} 8. cxd4 {[%clk 01:31:24]}
f6 {[%clk 01:32:40]} 9. exf6 {[%clk 01:31:34]} {[%emt 00:05:12]} Nxf6 {[%clk
01:33:01]} 10. Nf3 {[%clk 01:31:59]} Bd6 {[%clk 01:33:21]} 11. Bf4 {[%clk
01:31:37]} Qa5+ {[%clk 01:33:00]} 12. Qd2 {[%clk 01:24:27]} {[%emt 00:33:47]}
Qxd2+ {[%clk 01:33:03]} 13. Kxd2 {[%clk 01:24:41]} Bxf4+ {[%clk 01:33:12]} 14.
Nxf4 {[%clk 01:25:05]} O-O {[%clk 01:33:30]} {[%emt 00:27:37]} 15. g3 {[%clk
01:08:21]} h6 {[%clk 01:30:19]} 16. Rhe1 {[%clk 01:03:53]} Re8 {[%clk
01:29:06]} 17. Ng6 {[%clk 01:01:24]} Bd7 {[%clk 01:27:43]} {[%emt 00:14:06]}
18. Nge5 {[%clk 00:59:14]} Nxe5 {[%clk 01:28:05]} 19. Nxe5 {[%clk 00:59:37]}
Bc6 {[%clk 01:27:23]} 20. f3 {[%clk 00:56:43]} Nd7 {[%clk 01:24:19]} {[%emt
00:00:04]} 21. Nxc6 {[%clk 00:52:44]} bxc6 {[%clk 01:24:37]} 22. Rac1 {[%clk
00:51:52]} Rac8 {[%clk 01:24:47]} 23. b4 {[%clk 00:50:16]} e5 {[%clk 01:24:44]}
{[%emt 00:00:05]} 24. Bf5 {[%clk 00:50:34]} Nb6 {[%clk 01:24:37]} 25. Bxc8
{[%clk 00:50:03]} Rxc8 {[%clk 01:25:01]} 26. dxe5 {[%clk 00:49:48]} Nc4+ {[%clk
01:25:24]} {[%emt 00:00:04]} 27. Rxc4 {[%clk 00:49:38]} dxc4 {[%clk 01:25:38]}
28. Kc3 {[%clk 00:48:48]} c5 {[%clk 01:25:58]} {[%emt 00:00:05]} 29. b5 {[%clk
00:49:05]} Kf7 {[%clk 01:26:23]} 30. f4 {[%clk 00:48:44]} Ke6 {[%clk 01:26:42]}
31. Kxc4 {[%clk 00:49:05]} Rd8 {[%clk 01:26:46]} {[%emt 00:00:05]} 32. Re2
{[%clk 00:49:02]} Rc8 {[%clk 01:26:54]} 33. g4 {[%clk 00:49:04]} g6 {[%clk
01:27:17]} 34. Rd2 {[%clk 00:48:57]} Rf8 {[%clk 01:27:13]} 35. Rd6+ {[%clk
00:48:55]} {[%emt 00:00:05]} Ke7 {[%clk 01:27:38]} 36. Rxg6 Rxf4+ {[%clk
01:28:02]} 37. Kxc5 Ra4 {[%clk 01:28:02]} 38. Ra6 Rxg4 {[%clk 01:28:02]} 39.
Rxa7+ Ke6 {[%clk 01:28:02]} 40. Ra6+ Kxe5 {[%clk 01:28:02]} 41. Rxh6 Rg2 {[%clk
01:28:02]} 42. b6 Rxa2 {[%clk 01:28:02]} 43. b7 Rc2+ {[%clk 01:28:02]} 44. Kb6
Rb2+ {[%clk 01:28:02]} 45. Ka7 Ra2+ {[%clk 01:28:02]} 46. Ra6 Rb2 {[%clk
01:28:02]} 47. b8=Q+ Rxb8 {[%clk 01:28:02]} 48. Kxb8 Kf5 {[%clk 01:28:02]} 49.
Kc7 Kg4 {[%clk 01:28:02]} 50. Kd6 Kh3 {[%clk 01:28:02]} 51. Ke5 Kg4 {[%clk
01:28:02]} 52. Rg6+ Kf3 {[%clk 01:28:02]} 53. h4 Ke3 {[%clk 01:28:02]} 54. h5
Kd3 {[%clk 01:28:02]} 55. h6 Kc4 {[%clk 01:28:02]} 56. h7 Kc5 {[%clk 01:28:02]}
57. h8=Q Kb5 {[%clk 01:28:02]} 58. Qb8+ Kc4 {[%clk 01:28:02]} 59. Rc6+ Kd3
{[%clk 01:28:02]} 60. Qb3+ 1-0

[Event "DVM U12 2020"]
[Site "Magdeburg GER"]
[Date "2021.08.05"]
[Round "2"]
[White "Laux, Filip"]
[Black "Nönnig, Jakob"]
[Result "0-1"]
[Termination "normal"]
[Board "5.2"]
[WhiteElo "1204"]
[BlackElo "1442"]
[WhiteClock "00:27:35"]
[BlackClock "00:39:41"]
[WhiteTeam "VSG 1880 Offenbach"]
[BlackTeam "Schachzwerge Magdeburg"]
[PlyCount "72"]
[WhiteFideId "16275730"]
[BlackFideId "16289447"]
[EventCountry "GER"]
[EventRounds "7"]
[EventType "team-swiss"]
[EventDate "2021.08.04"]

1. e4 {[%clk 01:30:52]} e5 {[%clk 01:30:47]} 2. Nf3 {[%clk 01:31:04]} {[%emt
00:00:12]} Nc6 {[%clk 01:31:07]} {[%emt 00:00:06]} 3. Bc4 {[%clk 01:31:15]}
{[%emt 00:09:10]} Bc5 {[%clk 01:31:25]} 4. c3 {[%clk 01:31:19]} Nf6 {[%clk
01:31:31]} 5. d3 {[%clk 01:31:31]} h6 {[%clk 01:30:57]} 6. Nbd2 {[%clk
01:30:44]} d6 {[%clk 01:29:36]} 7. Bb3 {[%clk 01:30:45]} Be6 {[%clk 01:28:08]}
8. O-O {[%clk 01:30:22]} {[%emt 00:00:09]} O-O {[%clk 01:26:49]} {[%emt
00:23:22]} 9. Bxe6 {[%clk 01:29:38]} fxe6 {[%clk 01:27:09]} 10. b4 Bb6 {[%clk
01:26:50]} {[%emt 00:54:36]} 11. Nc4 {[%clk 01:28:53]} Qe7 {[%clk 01:23:55]}
12. h3 {[%clk 01:24:17]} Rad8 {[%clk 01:18:37]} 13. Qc2 Nh5 {[%clk 01:16:29]}
{[%emt 00:24:29]} 14. Rd1 {[%clk 01:15:07]} Nf4 {[%clk 01:15:49]} 15. d4 {[%clk
01:08:51]} Nxh3+ {[%clk 01:09:03]} 16. gxh3 {[%clk 01:07:05]} Rxf3 {[%clk
01:07:50]} {[%emt 00:00:04]} 17. Nxb6 {[%clk 00:57:32]} axb6 {[%clk 01:05:57]}
18. Kg2 {[%clk 00:49:38]} Qf6 {[%clk 01:03:42]} 19. Be3 {[%clk 00:41:38]} Rf8
{[%clk 01:03:15]} {[%emt 00:00:05]} 20. b5 {[%clk 00:38:27]} Qg6+ {[%clk
01:01:49]} 21. Kf1 {[%clk 00:38:24]} Rxe3 {[%clk 01:00:06]} 22. bxc6 {[%clk
00:37:52]} Rg3 {[%clk 00:54:58]} 23. cxb7 {[%clk 00:35:09]} {[%emt 00:00:44]}
Rg1+ {[%clk 00:55:15]} {[%emt 00:00:08]} 24. Ke2 {[%clk 00:35:22]} {[%emt
00:00:16]} Rxf2+ {[%clk 00:55:31]} {[%emt 00:00:14]} 25. Kd3 {[%clk 00:32:41]}
{[%emt 00:06:01]} Rg3+ {[%clk 00:52:48]} {[%emt 00:32:59]} 26. Kc4 {[%clk
00:32:23]} Rxc2 {[%clk 00:51:18]} 27. b8=Q+ {[%clk 00:32:28]} Kh7 {[%clk
00:51:37]} 28. Kb4 {[%clk 00:29:23]} Rgxc3 {[%clk 00:50:38]} {[%emt 00:00:05]}
29. Rg1 {[%clk 00:28:48]} c5+ {[%clk 00:45:02]} 30. Kb5 {[%clk 00:28:25]} Rb2+
{[%clk 00:44:57]} 31. Kc6 {[%clk 00:28:37]} Qxe4+ {[%clk 00:43:01]} {[%emt
00:00:05]} 32. Kd7 {[%clk 00:28:46]} g5 {[%clk 00:41:38]} 33. Raf1 {[%clk
00:27:46]} Rf3 {[%clk 00:40:59]} 34. Qe8 {[%clk 00:27:40]} {[%emt 00:00:04]}
Qb7+ {[%clk 00:39:30]} 35. Kxe6 {[%clk 00:27:42]} exd4 {[%clk 00:39:18]} 36.
Rxf3 {[%clk 00:27:35]} Re2+ {[%clk 00:39:41]} 0-1